书目信息 |
| 题名: |
国际贸易惯例通论
|
|
| 作者: | 张晓堂 著 | |
| 分册: | ||
| 出版信息: | 北京 人民出版社 1999 |
|
| 页数: | 478 | |
| 开本: | 18cm | |
| 丛书名: | ||
| 单 册: | ||
| 中图分类: | F744 | |
| 科图分类: | ||
| 主题词: | 商业经济 | |
| 电子资源: | ||
| ISBN: | 7-01-002956-3 | |
| 000 | 00520nam0 2200181 450 | |
| 001 | 0760515518 | |
| 005 | 20070817164835.51 | |
| 010 | @a7-01-002956-3@d¥27.00 | |
| 100 | @a20070817d km y0chiy0120 ea | |
| 101 | 0 | @achi |
| 200 | 1 | @a国际贸易惯例通论@Aguo ji mao yi guan li tong lun@f张晓堂著@Fzhang xiao tang zhu |
| 210 | @a北京@c人民出版社@d1999 | |
| 215 | @a478@d18cm | |
| 606 | 0 | @a商业经济 |
| 690 | @aF744@v3 | |
| 701 | 0 | @a张晓堂@Azhang xiao tang@4著 |
| 801 | 0 | @aCN@bPFT@c20070817 |
| 905 | @a213230@dF744@eg167@f1 | |
| 国际贸易惯例通论/张晓堂著.-北京:人民出版社,1999 |
| 478;18cm |
| ISBN 7-01-002956-3:¥27.00 |
| ● |
| 相关链接 |
|
|
|
|
正题名:国际贸易惯例通论
索取号:F744/g167
 
预约/预借
| 序号 | 登录号 | 条形码 | 馆藏地/架位号 | 状态 | 备注 |
| 1 | 6503253 | 265032537 | 密集书库-海洋学院/ [索取号:F744/g167] | 在馆 | |
| 2 | 6503254 | 265032546 | 密集书库-海洋学院/ [索取号:F744/g167] | 在馆 |